| 000 | 02285cam a2200361 a 4500 | ||
|---|---|---|---|
| 999 |
_c1097 _d1097 |
||
| 001 | 16500898 | ||
| 003 | GZU | ||
| 005 | 20200923152348.0 | ||
| 008 | 101014s2012 cau b 000 0 eng d | ||
| 010 | _a 2010939317 | ||
| 020 | _a9781111297923 | ||
| 020 | _a1111297924 | ||
| 035 | _a(OCoLC)ocn705386435 | ||
| 040 |
_aORX _cORX _dDLC |
||
| 042 | _alccopycat | ||
| 050 | 0 | 0 |
_aGN316 _b.C59 2009 |
| 082 | 0 | 4 |
_a305.8 _222 |
| 245 | 0 | 0 |
_aClassic readings in cultural anthropology / _c[compiled by] Gary Ferraro. |
| 250 | _a3rd ed. | ||
| 260 |
_aBelmont, CA : _bWadsworth, _cc2012. |
||
| 300 |
_axiii, 128 p. ; _c23 cm. |
||
| 504 | _aIncludes bibliographical references. | ||
| 505 | 0 | 0 |
_tBody ritual among the Nacirema / _rHorace Miner -- _tNot a real fish : the ethnographer as inside outsider / _rRoger M. Keesing -- _tRapport-talk and report-talk / _rDeborah Tannen -- _tThe sounds of silence / _rEdward T. Hall and Mildred Reed Hall -- _tThe worst mistake in the history of the human race / _rJared Diamond -- _tThe domestication of wood in Haiti : a case study in applied evolution / _rGerald F. Murray -- _tArranging a marriage in India / _rSerena Nanda -- _tDeath without weeping / _rNancy Scheper-Hughes -- _tSociety and sex roles / _rErnestine Friedl -- _tWomen and men in !Kung society / _rMarjorie Shostak -- _tThe Kpelle moot / _rJames L. Gibbs Jr. -- _tCustomary law development in Papua New Guinea / _rRichard Scaglio -- _tThe notion of witchcraft explains unfortunate events / _rE.E. Evans-Pritchard -- _tBaseball magic / _rGeorge Gmelch -- _tThe price of progress / _rJohn Bodley -- _tThe glaciers of the Andes are melting : indigenous and anthropological knowledge merge in restoring water resources / _rInge Bolin. |
| 650 | 0 | _aEthnology. | |
| 650 | 0 | _aEthnic groups. | |
| 700 | 1 | _aFerraro, Gary P. | |
| 856 | 4 | 2 |
_3Contributor biographical information _uhttp://www.loc.gov/catdir/enhancements/fy1303/2010939317-b.html |
| 856 | 4 | 2 |
_3Publisher description _uhttp://www.loc.gov/catdir/enhancements/fy1303/2010939317-d.html |
| 856 | 4 | 1 |
_3Table of contents only _uhttp://www.loc.gov/catdir/enhancements/fy1303/2010939317-t.html |
| 906 |
_a7 _bcbc _ccopycat _d2 _encip _f20 _gy-gencatlg |
||
| 942 |
_2lcc _cBK _e3rd ed. _h316 _iFER _kGN |
||